| 000 | 02174nam a22003857a 4500 | ||
|---|---|---|---|
| 001 | 103380 | ||
| 003 | KnowledgeUnlatched | ||
| 005 | 20210303105040.0 | ||
| 006 | m o d | ||
| 007 | cr u|||||||||| | ||
| 008 | 210129p20182019xx o u00| u ger d | ||
| 037 | _5BiblioBoard | ||
| 245 | 0 | 0 |
_aGroßerzählungen des Extremen _bNeue Rechte, Populismus, Islamismus, War on Terror / _cJennifer Schellhöh, Jo Reichertz. |
| 020 | _a9783839441190 | ||
| 029 | 1 | _ahttps://library.biblioboard.com/ext/api/media/f7d3db05-9817-45c0-83e3-1bad24a367cd/assets/thumbnail.jpg | |
| 040 |
_aScCtBLL _cScCtBLL |
||
| 100 | 1 |
_aSchellhöh, Jennifer _eauthor. |
|
| 506 | 0 |
_aAccess copy available to the general public. _fUnrestricted _2star |
|
| 700 | 1 |
_aReichertz, Jo _eeditor. |
|
| 264 | 1 | _btranscript Verlag, | |
| 300 | _a1 online resource (215 p.) | ||
| 490 | 1 | _aX-Texte zu Kultur und Gesellschaft | |
| 520 | _aWas macht radikale Weltbilder so attraktiv? Und wie lässt sich die Renaissance des Extremismus kultur- und sozialwissenschaftlich erklären? Sprach man bis vor Kurzem noch davon, dass Großerzählungen auf dem Schrottplatz der Geschichte liegen, finden sie neuerdings mit der Wiederkehr des Fundamentalismus den Weg zurück in den Diskurs. Die Beiträge des Bandes stellen verschiedene Großerzählungen des Extremen vor und diskutieren, wie sie sich in Denkfiguren, Rhetoriken, Symboliken und Handlungsweisen niederschlagen. Mit Beiträgen u.a. von Claus Leggewie und Susanne Schröter. | ||
| 588 | 0 | _aDescription based on print version record. | |
| 590 | _aKU OGeSoMo | ||
| 650 | 7 |
_aPolitical Science / Political Ideologies _2bisacsh |
|
| 650 | 0 | _aPolitical science | |
| 655 | 0 | _aElectronic books. | |
| 758 |
_iIs found in: _aKnowledge Unlatched _1https://openresearchlibrary.org/module/2774bc74-146a-484f-a7ba-ab1d6a09bbfb |
||
| 830 | 0 | _aX-Texte zu Kultur und Gesellschaft | |
| 856 | 4 | 0 |
_uhttps://openresearchlibrary.org/content/f7d3db05-9817-45c0-83e3-1bad24a367cd _zView this content on Open Research Library. _70 |
| 999 |
_c33398 _d33398 |
||